000 00609nam a2200205Ii 4500
001 6140
003 CO-ViMGA
008 241108s9999||||xx |||||||||||||| ||und||
040 _aCO-ViMGA
_bspa
_erda
_cCO-ViMGA
041 0 _aunk
082 0 4 _aC861.44-C657s
100 1 _aJ.G. Cobo Borda
_955175
245 1 0 _aSalón de té
264 1 _a[Lugar de publicación no identificado] : Instituto Colombiano de Cultura, 1979
300 _avolumen
336 _atext
_btxt
_2rdacontent
337 _aunmediated
_bn
_2rdamedia
338 _avolume
_bnc
_2rdacarrier
940 _aidficha_siabuc: 5993. -- ficha_no_siabuc:6140
999 _c52602
_d52602